[Event "Belgrade Trophy 36th"]
[Site "Belgrade"]
[Date "2023.11.26"]
[Round "2"]
[White "Mrdak, Milomir"]
[Black "Eric, Jovana"]
[Result "0-1"]
[WhiteElo "1837"]
[BlackElo "2112"]
[PlyCount "134"]
[EventDate "2023.11.25"]
[EventType "swiss"]
[EventRounds "9"]
[EventCountry "SRB"]
[SourceTitle "CBM 217 Extra"]
[Source "ChessBase"]
[SourceDate "2024.01.31"]
[SourceVersion "1"]
[SourceVersionDate "2024.01.31"]
[SourceQuality "1"]

1. d4 Nf6 2. Nf3 e6 3. e3 b6 4. Bd3 Bb7 5. 0-0 Be7 6. b3 0-0 7. Bb2 c5 8. Nbd2 d6 9. Qe2 Nbd7 10. Rad1 Qc7 11. e4 cxd4 12. Nxd4 Nc5 13. c4 Nxd3 14. Qxd3 a6 15. f4 Rad8 16. f5 e5 17. Nc2 b5 18. Ne3 bxc4 19. bxc4 Bc6 20. Rf3 Qb7 21. Rb1 Nxe4 22. Nd5 Bxd5 23. cxd5 Qa7+ 24. Bd4 Nc5 25. Bxc5 Qxc5+ 26. Kh1 Rb8 27. Rd1 Qb5 28. Ne4 Qxd3 29. Rfxd3 Rb4 30. Re1 Rfb8 31. g3 Rb1 32. Rxb1 Rxb1+ 33. Kg2 Rb2+ 34. Rd2 Rxd2+ 35. Nxd2 Kf8 36. Kf3 Ke8 37. Ke4 Kd7 38. Nc4 Bd8 39. a4 h5 40. h3 Bc7 41. g4 hxg4 42. hxg4 Ke7 43. g5 Kd7 44. g6 fxg6 45. fxg6 Ke7 46. Kf5 e4 47. Kg5 Bb6 48. Kf4 e3 49. Kf3 Bc5 50. Nb2 Kf6 51. Nd3 Kxg6 52. Ke4 Kf6 53. Nf4 g6 54. Ne2 g5 55. Ng3 Kg6 56. Kf3 Kf6 57. Ke4 Bb4 58. Ne2 g4 59. Kf4 Bd2 60. Kxg4 Ke5 61. Nf4 Ke4 62. Kg3 Bc3 63. Ng2 e2 64. Kf2 e1Q+ 65. Nxe1 Bxe1+ 66. Kxe1 Kxd5 67. Kd2 Kc4 0-1

[Event "Belgrade Trophy 35th"]
[Site "Belgrade"]
[Date "2021.12.02"]
[Round "9.7"]
[White "Mrdak, Milomir"]
[Black "Petkovic, Jovan"]
[Result "0-1"]
[WhiteElo "1901"]
[BlackElo "2234"]
[PlyCount "43"]
[EventDate "2021.11.24"]
[EventType "swiss"]
[EventRounds "9"]
[EventCountry "SRB"]
[SourceTitle "CBM 205 Extra"]
[Source "ChessBase"]
[SourceDate "2022.01.31"]
[SourceVersion "1"]
[SourceVersionDate "2022.01.31"]
[SourceQuality "1"]

1. d4 Nf6 2. c4 g6 3. Nf3 Bg7 4. e3 0-0 5. Be2 d6 6. 0-0 Nbd7 7. Nc3 e5 8. dxe5 dxe5 9. e4 Qe7 10. Bg5 c6 11. Qc2 Nc5 12. h3 Ne6 13. Be3 Nd7 14. Bd3 Ndc5 15. Be2 Nd4 16. Qb1 f5 17. Bd1 fxe4 18. Nxe4 Nxe4 19. Qxe4 Bf5 20. Bg5 Nxf3+ 21. Qxf3 Qxg5 22. Qd3 0-1

[Event "Belgrade Trophy 35th"]
[Site "Belgrade"]
[Date "2021.11.29"]
[Round "6"]
[White "Mrdak, Milomir"]
[Black "Savanovic, Maksim"]
[Result "1-0"]
[WhiteElo "1901"]
[BlackElo "2093"]
[PlyCount "80"]
[EventDate "2021.11.24"]
[EventType "swiss"]
[EventRounds "9"]
[EventCountry "SRB"]
[SourceTitle "CBM 205 Extra"]
[Source "ChessBase"]
[SourceDate "2022.01.31"]
[SourceVersion "1"]
[SourceVersionDate "2022.01.31"]
[SourceQuality "1"]

1. d4 d5 2. c4 c6 3. Nf3 Nf6 4. Nc3 dxc4 5. a4 Na6 6. e4 Bg4 7. Bxc4 Nb4 8. Be3 Bxf3 9. gxf3 e6 10. 0-0 Be7 11. Qe2 Qa5 12. Kh1 e5 13. dxe5 Qxe5 14. f4 Qh5 15. Rg1 Qxe2 16. Bxe2 Nc2 17. Rad1 Nxe3 18. fxe3 g6 19. Kg2 Bb4 20. Kf3 Bxc3 21. bxc3 Rd8 22. Rxd8+ Kxd8 23. Rb1 Kc7 24. Bc4 Rf8 25. h4 Nd7 26. h5 g5 27. h6 f6 28. a5 b5 29. Be6 Nc5 30. Bf5 Kd6 31. Rd1+ Ke7 32. Kg4 Ne6 33. a6 Rg8 34. Kf3 Rd8 35. Rxd8 Nxd8 36. Kg4 Nf7 37. fxg5 Nxg5 38. e5 c5 39. Bd3 b4 40. cxb4 cxb4 1-0

[Event "Belgrade Spring op"]
[Site "Belgrade"]
[Date "2021.04.02"]
[Round "1"]
[White "Kaasen, Tor Fredrik"]
[Black "Mrdak, Milomir"]
[Result "1-0"]
[WhiteElo "2397"]
[BlackElo "1957"]
[PlyCount "77"]
[EventDate "2021.04.02"]
[EventType "swiss"]
[EventRounds "9"]
[EventCountry "SRB"]
[SourceTitle "CBM 202 Extra"]
[Source "ChessBase"]
[SourceDate "2021.07.31"]
[SourceVersion "1"]
[SourceVersionDate "2021.07.31"]
[SourceQuality "1"]

1. e4 d6 2. d4 Nd7 3. Nc3 e5 4. Nf3 c6 5. a4 Be7 6. Be2 Ngf6 7. 0-0 0-0 8. Re1 Qc7 9. a5 Re8 10. d5 a6 11. Be3 c5 12. Nd2 g6 13. Nc4 h5 14. f3 Nh7 15. Qd2 g5 16. Na4 Ndf8 17. Nab6 Rb8 18. c3 Ng6 19. b4 cxb4 20. cxb4 Nf4 21. Bf1 Bd7 22. Rec1 Qd8 23. Nxd7 Qxd7 24. Nb6 Qd8 25. b5 g4 26. fxg4 hxg4 27. bxa6 bxa6 28. Bxa6 Ng5 29. Qc2 Kg7 30. Bc8 g3 31. hxg3 Nh5 32. Ra3 Rh8 33. Bd2 Rxb6 34. axb6 Qxb6+ 35. Be3 Qb4 36. Ra4 Qb5 37. Ba6 Qd7 38. Bf2 Rc8 39. Bxc8 1-0

[Event "Belgrade Trophy 32nd"]
[Site "Belgrade"]
[Date "2018.11.29"]
[Round "6"]
[White "Mitic, Miroslav"]
[Black "Mrdak, Milomir"]
[Result "1-0"]
[WhiteElo "2007"]
[BlackElo "1857"]
[PlyCount "117"]
[EventDate "2018.11.24"]
[EventType "swiss"]
[EventRounds "9"]
[EventCountry "SRB"]
[SourceTitle "CBM 187 Extra"]
[Source "ChessBase"]
[SourceDate "2018.11.04"]
[SourceVersion "1"]
[SourceVersionDate "2018.11.04"]
[SourceQuality "1"]

1. d4 d6 2. Nf3 Nf6 3. c4 Nbd7 4. Nc3 e5 5. g3 Be7 6. Bg2 0-0 7. 0-0 c6 8. Qc2 Qc7 9. b3 Re8 10. Bb2 Bf8 11. Rac1 g6 12. h3 Bh6 13. e3 Bg7 14. Rfd1 Nf8 15. Ba3 N6d7 16. Ne4 c5 17. dxc5 dxc5 18. Nd6 Re6 19. Qd2 Bf6 20. h4 h6 21. Bh3 Re7 22. Nh2 Nb6 23. Nxc8 Nxc8 24. Ng4 Bg7 25. e4 Kh7 26. Ne3 Qc6 27. Qd5 Rc7 28. Qd3 Re7 29. h5 b6 30. Nd5 Re8 31. Qf3 Kg8 32. Bb2 Ne7 33. Rc2 Nxd5 34. Rxd5 Ne6 35. hxg6 fxg6 36. Bxe6+ Rxe6 37. Rcd2 Rf8 38. Rd8 Ree8 39. Rxe8 Qxe8 40. Qg4 Qf7 41. Qd7 Qf3 42. Qd5+ Kh7 43. Bxe5 h5 44. Bxg7 Kxg7 45. e5 Qc3 46. e6 Kh6 47. e7 Re8 48. Re2 Qf6 49. Qd7 Qf7 50. Qxa7 Qf3 51. Qd7 Qf7 52. Re4 Kg7 53. Qd6 Kh7 54. Re3 h4 55. gxh4 Qf5 56. Qe6 Qf4 57. Kg2 Kh6 58. Rf3 Qd4 59. Rf8 1-0

[Event "Belgrade Trophy 32nd"]
[Site "Belgrade"]
[Date "2018.11.28"]
[Round "5"]
[White "Mrdak, Milomir"]
[Black "Poleksic, Dusan"]
[Result "0-1"]
[WhiteElo "1857"]
[BlackElo "2018"]
[PlyCount "46"]
[EventDate "2018.11.24"]
[EventType "swiss"]
[EventRounds "9"]
[EventCountry "SRB"]
[SourceTitle "CBM 187 Extra"]
[Source "ChessBase"]
[SourceDate "2018.11.04"]
[SourceVersion "1"]
[SourceVersionDate "2018.11.04"]
[SourceQuality "1"]

1. d4 d5 2. c4 e6 3. Nc3 c5 4. Nf3 Nc6 5. cxd5 exd5 6. e3 Nf6 7. Be2 Bd6 8. 0-0 0-0 9. Nb5 Be7 10. dxc5 Bxc5 11. Nbd4 Bd6 12. b3 Bg4 13. h3 Bd7 14. Re1 a6 15. Bb2 Ne4 16. Bf1 Qf6 17. Re2 Qh6 18. Rc2 Rfe8 19. Nxc6 bxc6 20. Nh2 Qg6 21. Kh1 Nxf2+ 22. Rxf2 Qg3 23. Nf3 Qxf2 0-1

[Event "Veliko Gradiste Silver Lake op-B"]
[Site "Veliko Gradiste"]
[Date "2017.06.23"]
[Round "7"]
[White "Colic, Ninoslav"]
[Black "Mrdak, Milomir"]
[Result "1-0"]
[WhiteElo "2118"]
[BlackElo "1889"]
[PlyCount "88"]
[EventDate "2017.06.18"]
[EventType "swiss"]
[EventRounds "9"]
[EventCountry "SRB"]
[SourceTitle "CBM 179 Extra"]
[Source "ChessBase"]
[SourceDate "2017.08.23"]
[SourceVersion "1"]
[SourceVersionDate "2017.08.23"]
[SourceQuality "1"]

1. e4 c6 2. Nc3 d5 3. Nf3 Bg4 4. h3 Bxf3 5. Qxf3 e6 6. exd5 cxd5 7. g3 Nf6 8. Bg2 Nc6 9. 0-0 Be7 10. Qd1 0-0 11. d3 Rc8 12. Ne2 Qb6 13. c3 a5 14. Rb1 Qb5 15. f4 e5 16. f5 Rfd8 17. g4 h6 18. Kh1 Nh7 19. Ng1 Nf6 20. Be3 e4 21. d4 Nh7 22. Ne2 a4 23. Rg1 Na5 24. b3 axb3 25. axb3 Ng5 26. Bd2 Bd6 27. c4 Nxc4 28. bxc4 Qxc4 29. Rf1 b5 30. h4 Nh7 31. g5 hxg5 32. hxg5 Be7 33. g6 Ng5 34. Bf4 fxg6 35. fxg6 Qc6 36. Bxg5 Bxg5 37. Nf4 Bxf4 38. Rxf4 Qxg6 39. Qg4 Qxg4 40. Rxg4 Re8 41. Rb4 Kf7 42. Kg1 Kf6 43. Rf4+ Ke6 44. Bh3+ Ke7 1-0

[Event "Veliko Gradiste Silver Lake op-B"]
[Site "Veliko Gradiste"]
[Date "2017.06.21"]
[Round "5"]
[White "Mrdak, Milomir"]
[Black "Ivanovic, Zoran B"]
[Result "0-1"]
[WhiteElo "1889"]
[BlackElo "2011"]
[PlyCount "70"]
[EventDate "2017.06.18"]
[EventType "swiss"]
[EventRounds "9"]
[EventCountry "SRB"]
[SourceTitle "CBM 179 Extra"]
[Source "ChessBase"]
[SourceDate "2017.08.23"]
[SourceVersion "1"]
[SourceVersionDate "2017.08.23"]
[SourceQuality "1"]

1. d4 c5 2. d5 e5 3. e4 d6 4. Nc3 Be7 5. Nf3 Bg4 6. h3 Bxf3 7. Qxf3 a6 8. a4 Bg5 9. Bxg5 Qxg5 10. a5 Nd7 11. g3 Qf6 12. Qxf6 Ngxf6 13. Bd3 Ke7 14. Kd2 Ne8 15. Ra3 Nc7 16. Rb3 Rab8 17. Na4 Rhd8 18. f4 h5 19. h4 g6 20. Nb6 Nxb6 21. axb6 Ne8 22. fxe5 dxe5 23. c4 Rd6 24. Be2 Nf6 25. Kd3 Nd7 26. g4 hxg4 27. h5 gxh5 28. Rxh5 Rg8 29. Bf1 Rf6 30. Ke2 g3 31. Bh3 g2 32. Bxg2 Rxg2+ 33. Ke1 Rxb6 34. Rxe5+ Nxe5 35. Rxb6 Rxb2 0-1

[Event "SRB-ch sf"]
[Site "Belgrade"]
[Date "2016.03.28"]
[Round "8"]
[White "Mrdak, Milomir"]
[Black "Jovanovic, Dejan R"]
[Result "0-1"]
[WhiteElo "1965"]
[BlackElo "2120"]
[PlyCount "121"]
[EventDate "2016.03.21"]
[EventType "swiss"]
[EventRounds "9"]
[EventCountry "SRB"]
[SourceTitle "CBM 171 Extra"]
[Source "ChessBase"]
[SourceDate "2016.04.26"]
[SourceVersion "1"]
[SourceVersionDate "2016.04.26"]
[SourceQuality "1"]

1. d4 d5 2. c4 e6 3. Nc3 Nf6 4. Bg5 Be7 5. Nf3 h6 6. Bf4 c6 7. e3 0-0 8. Be2 Nh5 9. Be5 Nd7 10. 0-0 Nxe5 11. Nxe5 Nf6 12. cxd5 exd5 13. Rc1 Bf5 14. Na4 Nd7 15. f4 f6 16. Nxd7 Qxd7 17. Nc5 Bxc5 18. Rxc5 Rae8 19. Qd2 Re7 20. b4 a6 21. Rc3 Qe8 22. a4 b5 23. a5 Bd7 24. Rf3 Bg4 25. Rg3 Bxe2 26. Qxe2 f5 27. h4 Re4 28. Qc2 Rf6 29. Qd1 Rfe6 30. Kf2 Qe7 31. Rh3 Qxb4 32. Qc1 Qd6 33. Rc5 Rf6 34. h5 Qd7 35. Qd2 Qe8 36. Rc3 Re7 37. Rb3 Rc7 38. Rh1 Kf8 39. Rc3 Ke7 40. Rc5 Kd7 41. Rhc1 Qxh5 42. Qb4 Qe8 43. R5c2 Qe7 44. Qd2 Rc8 45. Qd3 Qb4 46. Ra2 Rg8 47. Rc5 Re8 48. Rac2 Qxa5 49. Rxc6 Rxc6 50. Qxf5+ Rce6 51. Qxd5+ Ke7 52. f5 Rf6 53. g4 Qb6 54. e4 Qd6 55. Qxd6+ Rxd6 56. Ke3 Red8 57. d5 Kf6 58. Kf4 Re8 59. Re2 Rxd5 60. Rc2 Rd4 61. Rc6+ 0-1

[Event "SRB-ch sf"]
[Site "Belgrade"]
[Date "2016.03.26"]
[Round "6"]
[White "Mrdak, Milomir"]
[Black "Stamatovic, Aleksandar"]
[Result "0-1"]
[WhiteElo "1965"]
[BlackElo "2180"]
[PlyCount "136"]
[EventDate "2016.03.21"]
[EventType "swiss"]
[EventRounds "9"]
[EventCountry "SRB"]
[SourceTitle "CBM 171 Extra"]
[Source "ChessBase"]
[SourceDate "2016.04.26"]
[SourceVersion "1"]
[SourceVersionDate "2016.04.26"]
[SourceQuality "1"]

1. d4 Nf6 2. c4 e5 3. dxe5 Ng4 4. Nf3 Nc6 5. Bf4 Bb4+ 6. Nbd2 Qe7 7. a3 Ngxe5 8. Nxe5 Nxe5 9. e3 Bc5 10. Be2 a5 11. Nf3 d6 12. 0-0 0-0 13. Qc2 h6 14. Nd4 f5 15. Rad1 Bd7 16. Nb5 Bc6 17. Nc3 Qf7 18. Nd5 Kh8 19. Qc3 Ng6 20. Bxh6 Rae8 21. Bh5 Kh7 22. Bg5 a4 23. Nf4 Nxf4 24. Bxf7 Ne2+ 25. Kh1 Nxc3 26. Bxe8 Nxd1 27. Bxc6 Nxb2 28. Bxb7 Bxa3 29. Ra1 Bc5 30. e4 f4 31. Bc6 a3 32. Be7 Rb8 33. e5 Nxc4 34. e6 Bd4 35. Be4+ Kg8 36. Ra2 Rb2 37. Rxb2 axb2 38. Bd8 Bf6 39. e7 Bxe7 40. Bxe7 Nd2 41. Bc2 b1Q+ 42. Bxb1 Nxb1 43. Bd8 c6 44. Bc7 d5 45. Bxf4 Kf7 46. Kg1 Ke6 47. Kf1 d4 48. Ke2 Nc3+ 49. Kd3 Kd5 50. h4 c5 51. h5 c4+ 52. Kd2 Ne4+ 53. Ke2 d3+ 54. Ke3 Nf6 55. Bc7 Nxh5 56. Ba5 Nf6 57. f3 g6 58. Bc3 Nd7 59. g4 Ne5 60. Bb2 Nf7 61. Bc3 Nd6 62. f4 Ne4 63. Bg7 d2 64. Ke2 c3 65. Bxc3 Nxc3+ 66. Kxd2 Kd4 67. Ke1 Nd5 68. f5 g5 0-1

[Event "SRB-ch sf"]
[Site "Belgrade"]
[Date "2016.03.25"]
[Round "5"]
[White "Masovic, Bogosav"]
[Black "Mrdak, Milomir"]
[Result "0-1"]
[WhiteElo "1698"]
[BlackElo "1965"]
[PlyCount "70"]
[EventDate "2016.03.21"]
[EventType "swiss"]
[EventRounds "9"]
[EventCountry "SRB"]
[SourceTitle "CBM 171 Extra"]
[Source "ChessBase"]
[SourceDate "2016.04.26"]
[SourceVersion "1"]
[SourceVersionDate "2016.04.26"]
[SourceQuality "1"]

1. d4 Nf6 2. c4 g6 3. Nc3 Bg7 4. e4 d6 5. Nf3 0-0 6. Be2 Nbd7 7. h3 e5 8. Be3 c6 9. 0-0 Qe7 10. d5 c5 11. Qd2 Ne8 12. Bh6 f5 13. Bxg7 Kxg7 14. Kh1 f4 15. Rab1 h6 16. b4 b6 17. Na4 Nef6 18. Bd3 g5 19. bxc5 dxc5 20. Nh2 h5 21. f3 Ne8 22. Be2 Nd6 23. Nc3 Nf6 24. Nb5 g4 25. Nxd6 Qxd6 26. Rg1 Kf7 27. Qe1 g3 28. Nf1 Nh7 29. Nd2 Qf6 30. Nb3 Qh4 31. Bf1 Ng5 32. Nxc5 bxc5 33. Qa5 Nxh3 34. gxh3 Bxh3 35. Qc7+ Bd7+ 0-1

[Event "Vojvodina-ch 5th"]
[Site "Novi Sad"]
[Date "2014.07.12"]
[Round "1"]
[White "Nestorovic, Lazar"]
[Black "Mrdak, Milomir"]
[Result "1-0"]
[WhiteElo "2331"]
[BlackElo "1956"]
[PlyCount "117"]
[EventDate "2014.07.12"]
[EventType "swiss"]
[EventRounds "9"]
[EventCountry "YUG"]
[SourceTitle "CBM 161 Extra"]
[Source "ChessBase"]
[SourceDate "2014.08.29"]
[SourceVersion "1"]
[SourceVersionDate "2014.08.29"]
[SourceQuality "1"]

1. d4 Nf6 2. Nf3 g6 3. e3 Bg7 4. Be2 d6 5. 0-0 0-0 6. c4 c6 7. Nc3 Nbd7 8. b3 Re8 9. Qc2 a6 10. Ba3 Qc7 11. Rfd1 Bf8 12. Rac1 e5 13. Ng5 Qa5 14. b4 Qc7 15. Bb2 h6 16. Nf3 Bg7 17. a3 Nf8 18. dxe5 dxe5 19. c5 Bf5 20. Qb3 Rad8 21. Nd2 e4 22. Nc4 Be6 23. h3 N8d7 24. Qc2 Bxc4 25. Bxc4 Ne5 26. Be2 g5 27. Rxd8 Rxd8 28. Rd1 Qe7 29. Rxd8+ Qxd8 30. Nxe4 Nxe4 31. Qxe4 Nf3+ 32. Bxf3 Bxb2 33. a4 Qd2 34. g3 Qd7 35. Kg2 Bc3 36. h4 Kg7 37. Qc4 Bf6 38. Bg4 Qe7 39. h5 Qc7 40. Bf3 Qe5 41. Qd3 Qc3 42. Qe4 a5 43. b5 Qxc5 44. bxc6 bxc6 45. Qe8 Qf5 46. Qxc6 g4 47. Be2 Qxh5 48. Qc4 Qg5 49. Bxg4 h5 50. Bf3 h4 51. g4 Qe5 52. Bd1 Bd8 53. Bb3 Qe7 54. Qd4+ Qf6 55. Qxf6+ Kxf6 56. f4 Bb6 57. g5+ Kf5 58. Kf3 h3 59. Bxf7 1-0

[Event "Belgrade-chT"]
[Site "Belgrade"]
[Date "2014.05.09"]
[Round "4"]
[White "Dakic, Dejan"]
[Black "Mrdak, Milomir"]
[Result "1/2-1/2"]
[WhiteElo "2037"]
[BlackElo "1947"]
[PlyCount "24"]
[EventDate "2014.05.05"]
[EventType "swiss"]
[EventRounds "5"]
[EventCountry "SRB"]
[SourceTitle "CBM 160 Extra"]
[Source "ChessBase"]
[SourceDate "2014.07.01"]
[SourceVersion "1"]
[SourceVersionDate "2014.07.01"]
[SourceQuality "1"]

1. e4 c6 2. d4 d5 3. Nd2 dxe4 4. Nxe4 Nd7 5. Nf3 Ngf6 6. Nxf6+ Nxf6 7. Be2 Bf5 8. 0-0 e6 9. c3 Bd6 10. h3 0-0 11. Bg5 h6 12. Bxf6 Qxf6 1/2-1/2

[Event "Belgrade Trophy 27th"]
[Site "Obrenovac"]
[Date "2013.11.29"]
[Round "6"]
[White "Mrdak, Milomir"]
[Black "Maric, Dragan"]
[Result "1/2-1/2"]
[WhiteElo "1924"]
[BlackElo "2209"]
[PlyCount "101"]
[EventDate "2013.11.24"]
[EventType "swiss"]
[EventRounds "9"]
[EventCountry "SRB"]
[SourceTitle "CBM 157 Extra"]
[Source "ChessBase"]
[SourceDate "2013.12.19"]
[SourceVersion "1"]
[SourceVersionDate "2013.12.19"]
[SourceQuality "1"]

1. d4 Nf6 2. c4 g6 3. Nc3 d5 4. cxd5 Nxd5 5. e4 Nxc3 6. bxc3 Bg7 7. Bc4 0-0 8. Ne2 b6 9. 0-0 Ba6 10. Qb3 Qc8 11. Re1 Nc6 12. Bxa6 Qxa6 13. Bg5 h6 14. Bh4 e5 15. Rad1 Na5 16. Qa3 Rfe8 17. f3 Bf8 18. Qa4 Qc4 19. Qxc4 Nxc4 20. dxe5 Bc5+ 21. Kh1 Nxe5 22. Bf6 Re6 23. Bh4 b5 24. Rd5 Bf8 25. Rxb5 Bg7 26. Bg3 Rae8 27. Nd4 Ra6 28. Re2 c6 29. Rb7 c5 30. Nb3 Nd3 31. c4 Nb2 32. Rc2 Rxa2 33. h4 a5 34. Nxc5 a4 35. e5 Ra1+ 36. Kh2 a3 37. Nb3 Rb1 38. c5 Rd1 39. c6 Rdd8 40. c7 Rc8 41. Ra7 Bf8 42. Nd2 f5 43. Nc4 Nxc4 44. Rxc4 g5 45. hxg5 hxg5 46. f4 g4 47. Bf2 Re7 48. Bd4 Rh7+ 49. Kg1 Rh6 50. g3 Re6 51. Kf1 1/2-1/2

[Event "Belgrade Trophy 26th"]
[Site "Belgrade"]
[Date "2012.11.24"]
[Round "1"]
[White "Drenchev, Petar"]
[Black "Mrdak, Milomir"]
[Result "1-0"]
[WhiteElo "2490"]
[BlackElo "2006"]
[PlyCount "42"]
[EventDate "2012.11.24"]
[EventType "swiss"]
[EventRounds "9"]
[EventCountry "SRB"]
[SourceTitle "CBM 151 Extra"]
[Source "ChessBase"]
[SourceDate "2012.12.18"]
[SourceVersion "1"]
[SourceVersionDate "2012.12.18"]
[SourceQuality "1"]

1. Nf3 Nf6 2. c4 g6 3. Nc3 Bg7 4. e4 d6 5. d4 0-0 6. Be2 Nc6 7. 0-0 Bg4 8. d5 Nb4 9. Be3 a5 10. Rc1 b6 11. a3 Na6 12. Nd4 Bxe2 13. Qxe2 Nc5 14. Nc6 Qd7 15. e5 Ne8 16. b4 Nb7 17. Bg5 Nd8 18. Nxd8 Rxd8 19. e6 fxe6 20. dxe6 Qc6 21. Nd5 Qxc4 1-0

[Event "Belgrade-chT Quality"]
[Site "Belgrade"]
[Date "2012.10.30"]
[Round "8.3"]
[White "Mrdak, Milomir"]
[Black "Tatisic, Milan"]
[Result "1/2-1/2"]
[WhiteElo "2006"]
[BlackElo "2183"]
[PlyCount "82"]
[EventDate "2012.10.13"]
[EventType "team-tourn"]
[EventRounds "11"]
[EventCountry "SRB"]
[SourceTitle "EXT 2019"]
[Source "ChessBase"]
[SourceDate "2018.10.10"]
[SourceVersion "1"]
[SourceVersionDate "2018.10.10"]
[SourceQuality "1"]

1. d4 Nf6 2. c4 g6 3. Nc3 d5 4. cxd5 Nxd5 5. e4 Nxc3 6. bxc3 Bg7 7. Bb5+ Nd7 8. h4 h5 9. e5 c6 10. Bc4 Nb6 11. Bb3 0-0 12. Ne2 Nd5 13. c4 Nc7 14. Bb2 Qd7 15. Qd3 Bxe5 16. Rd1 Bf6 17. Kf1 Qg4 18. f3 Qf5 19. Qe3 Ne6 20. Bc1 Ng7 21. Ng3 Qe6 22. Ne4 Nf5 23. Nxf6+ Qxf6 24. Qf2 Qd6 25. Rh3 Rd8 26. d5 cxd5 27. g4 Ng7 28. Rxd5 Qc7 29. Bf4 e5 30. Bxe5 Qe7 31. Qd4 Ne6 32. Rxd8+ Qxd8 33. Qxd8+ Nxd8 34. Rg3 Nc6 35. Bf6 Na5 36. gxh5 Bf5 37. hxg6 fxg6 38. c5+ Nxb3 39. axb3 Kf7 40. Be5 a5 41. f4 Ke6 1/2-1/2

[Event "Belgrade-chT Quality"]
[Site "Belgrade"]
[Date "2012.10.14"]
[Round "2.1"]
[White "Mrdak, Milomir"]
[Black "Vucinic, Gojko"]
[Result "0-1"]
[WhiteElo "2006"]
[BlackElo "2208"]
[PlyCount "65"]
[EventDate "2012.10.13"]
[EventType "team-tourn"]
[EventRounds "11"]
[EventCountry "SRB"]
[SourceTitle "EXT 2019"]
[Source "ChessBase"]
[SourceDate "2018.10.10"]
[SourceVersion "1"]
[SourceVersionDate "2018.10.10"]
[SourceQuality "1"]

1. d4 Nf6 2. c4 g6 3. Nc3 d5 4. cxd5 Nxd5 5. e4 Nxc3 6. bxc3 Bg7 7. Bb5+ c6 8. Bc4 c5 9. Ne2 Nc6 10. Be3 0-0 11. Rc1 Na5 12. Bd3 e5 13. d5 b6 14. 0-0 f5 15. f4 fxe4 16. Bxe4 Nc4 17. Bf2 Nd6 18. Bd3 exf4 19. c4 Bg4 20. Qc2 f3 21. gxf3 Bxf3 22. Bg3 Qg5 23. Rcd1 Rae8 24. h4 Qg4 25. Kh2 Be5 26. Rxf3 Rxf3 27. Rg1 Qxh4+ 28. Kg2 Rxg3+ 29. Nxg3 Qxg3+ 30. Kf1 Rf8+ 31. Bf5 Rxf5+ 32. Qxf5 Qxg1+ 33. Kxg1 0-1

[Event "Belgrade-chT Quality"]
[Site "Belgrade"]
[Date "2012.10.13"]
[Round "1.5"]
[White "Mrdak, Milomir"]
[Black "Radovic, Goran"]
[Result "1/2-1/2"]
[WhiteElo "2006"]
[BlackElo "2012"]
[PlyCount "66"]
[EventDate "2012.10.13"]
[EventType "team-tourn"]
[EventRounds "11"]
[EventCountry "SRB"]
[SourceTitle "EXT 2019"]
[Source "ChessBase"]
[SourceDate "2018.10.10"]
[SourceVersion "1"]
[SourceVersionDate "2018.10.10"]
[SourceQuality "1"]

1. d4 d5 2. c4 e6 3. Nc3 Nf6 4. Bg5 Be7 5. Bxf6 Bxf6 6. e3 0-0 7. Nf3 c5 8. Bd3 cxd4 9. exd4 dxc4 10. Bxc4 Nc6 11. Ne2 Qb6 12. Qd2 e5 13. dxe5 Nxe5 14. Nxe5 Bxe5 15. 0-0 Qxb2 16. Qe3 Bf5 17. Qf3 Bg6 18. Rad1 Rad8 19. Ng3 b5 20. Bb3 Qc3 21. Qb7 Rxd1 22. Rxd1 Qc5 23. Ne4 Qc7 24. Qxc7 Bxc7 25. Nc5 Rd8 26. Re1 Kf8 27. a4 b4 28. a5 Bf5 29. h4 Bc8 30. a6 Bb6 31. Rc1 Bd7 32. Nxd7+ Rxd7 33. Rc4 Rd4 1/2-1/2

[Event "Belgrade tt Cup"]
[Site "Belgrade"]
[Date "2012.04.18"]
[Round "1.4"]
[White "Carnic, Dejan"]
[Black "Mrdak, Milomir"]
[Result "1-0"]
[WhiteElo "2094"]
[BlackElo "2074"]
[PlyCount "53"]
[EventDate "2012.04.18"]
[EventType "team-swiss"]
[EventRounds "5"]
[EventCountry "SRB"]
[SourceTitle "CBM 148 Extra"]
[Source "ChessBase"]
[SourceDate "2012.06.22"]
[SourceVersion "1"]
[SourceVersionDate "2012.06.22"]
[SourceQuality "1"]
[WhiteTeam "Belgrade Sigurnost"]
[BlackTeam "Bratstvo i Jedinstvo"]
[WhiteTeamCountry "SRB"]
[BlackTeamCountry "SRB"]

1. e4 c6 2. d4 d5 3. Nc3 dxe4 4. Nxe4 Bf5 5. Ng3 Bg6 6. Nf3 e6 7. h4 h6 8. h5 Bh7 9. Bd3 Bxd3 10. Qxd3 Qa5+ 11. Bd2 Qa6 12. Ne5 Qxd3 13. Nxd3 Nd7 14. c4 Ngf6 15. f3 Bd6 16. Ne4 Nxe4 17. fxe4 0-0-0 18. e5 Bc7 19. Rf1 Rhf8 20. Bb4 Rg8 21. Be7 Nb6 22. Bxd8 Rxd8 23. b3 Rxd4 24. 0-0-0 Rg4 25. Rxf7 Bd8 26. Rf8 Kc7 27. Rxd8 1-0

[Event "Belgrade Trophy 25th"]
[Site "Obrenovac"]
[Date "2011.11.30"]
[Round "7"]
[White "Mrdak, Milomir"]
[Black "Krgovic, Veselin"]
[Result "0-1"]
[WhiteElo "2059"]
[BlackElo "2250"]
[PlyCount "120"]
[EventDate "2011.11.24"]
[EventType "swiss"]
[EventRounds "9"]
[EventCountry "YUG"]
[SourceTitle "CBM 145 Extra"]
[Source "ChessBase"]
[SourceDate "2012.01.03"]
[SourceVersion "1"]
[SourceVersionDate "2012.01.03"]
[SourceQuality "1"]

1. d4 d5 2. Nf3 Nc6 3. Bf4 Bg4 4. e3 e6 5. Nc3 Nf6 6. h3 Bh5 7. Bb5 Bd6 8. Qe2 0-0 9. g4 Bg6 10. Bd3 Ne4 11. Bxd6 cxd6 12. Bxe4 Bxe4 13. Nxe4 dxe4 14. Nd2 d5 15. 0-0-0 Rc8 16. Kb1 Qe7 17. Rc1 Rc7 18. Nb3 b6 19. h4 a5 20. Qb5 Qb4 21. Qxb4 Nxb4 22. a3 Nc6 23. Nd2 b5 24. Nb3 a4 25. Nc5 Na5 26. b3 Ra8 27. Kb2 Nb7 28. b4 Nd6 29. Rhe1 Kf8 30. Re2 Ke7 31. Rf1 h5 32. g5 Nf5 33. f3 Ng3 34. Ref2 Nxf1 35. Rxf1 exf3 36. Rxf3 Rac8 37. Kc3 f6 38. Rg3 f5 39. Kd3 g6 40. Rf3 Kd6 41. c3 Rf7 42. Kd2 e5 43. Rf2 Rfc7 44. Rf3 Ke7 45. Rf2 Kd6 46. Rf3 Re7 47. Rf2 Rce8 48. Nd3 exd4 49. exd4 Re4 50. Nf4 Rxf4 51. Rxf4 Re7 52. Rf2 Re4 53. Rh2 Rg4 54. Kc2 Rg1 55. Kb2 f4 56. Kc2 Ke6 57. Re2+ Kf5 58. Kd2 f3 59. Re7 Kg4 60. Rf7 Kg3 0-1

[Event "Belgrade Trophy 25th"]
[Site "Obrenovac"]
[Date "2011.11.29"]
[Round "6"]
[White "Djalovic, Velizar"]
[Black "Mrdak, Milomir"]
[Result "0-1"]
[WhiteElo "2114"]
[BlackElo "2059"]
[PlyCount "35"]
[EventDate "2011.11.24"]
[EventType "swiss"]
[EventRounds "9"]
[EventCountry "YUG"]
[SourceTitle "CBM 145 Extra"]
[Source "ChessBase"]
[SourceDate "2012.01.03"]
[SourceVersion "1"]
[SourceVersionDate "2012.01.03"]
[SourceQuality "1"]

1. e4 c6 2. d4 d5 3. e5 Bf5 4. Ne2 e6 5. Ng3 Bg6 6. Be2 Ne7 7. Nd2 c5 8. c3 Nec6 9. Nf3 cxd4 10. cxd4 Bb4+ 11. Bd2 Qa5 12. a3 Bxd2+ 13. Qxd2 Qxd2+ 14. Kxd2 Na5 15. Rad1 Nd7 16. b4 Nc4+ 17. Bxc4 dxc4 18. Ne2 0-1